000 00566nam a22001817a 4500
999 _c191940
_d191940
005 20220907145311.0
010 _aENG-134958
020 _a9789387102729
_c290.00
035 _aEN-118490
037 _bDBAD/PUB
082 _a660.6
100 _aPachaimal, Rama Devi
245 _aBiotechniques/
_cRama Devi Pachaimal
260 _aTamil Nadu
_bShanlax Publications
_c2018
270 _a61, 66 T.P.K. Main Road, Vasantha Nagar
_bMadurai
_e625003
_mpublisher@shanlaxpublications.com
300 _a116p.
_c22cm(pbk)
942 _2ddc
_cEN
_h660.6
_mPAC